000 00364nam a22001577a 4500
003 SGT
020 _a978-93-5465-895-2
082 _a612
_bVAR
100 _aVARSHNEY, V.P.
245 _aGHAI'S TEXTBOOK OF PRACTICAL PHYSIOLOGY
250 _a10TH
260 _aINDIA
_bJAYPEE PUB.
_c2024
300 _a332
650 _aPRACTICAL PHYSIOLOGY
942 _2ddc
_cBK
999 _c32937
_d32937